| 000 | 00682nam a2200217 a 4500 | ||
|---|---|---|---|
| 001 | 000010914 | ||
| 003 | DO-SdBNP | ||
| 005 | 20240412074221.0 | ||
| 008 | 091013s1960 dr 001 p spa d | ||
| 040 |
_aDO-SdBNP _aspa _cBNPHU |
||
| 082 |
_aRD861.44 _bL864p |
||
| 100 | 1 |
_aLópez, Armando P. _926327 |
|
| 245 | 1 | 0 |
_aXV poemas pueblerínos / _cArmando P. López. |
| 246 | 1 | 3 | _aQuince poemas pueblerinos |
| 260 |
_aSantiago de los Caballeros, República Dominicana : _bL. H. Crúz, _c1960. |
||
| 300 |
_a75 p. ; _c21 cm. |
||
| 500 | _aA la cabeza de la portada Era de Trujillo | ||
| 650 | 0 |
_aPoesía dominicana _966 |
|
| 650 | 0 |
_aLiteratura dominicana. _967 |
|
| 942 |
_2ddc _cLBS1 |
||
| 999 |
_c10652 _d10652 |
||